01300 a2200253 4500003000500000005001700005010001700022020002800039020003100067035002000098035002300118040000900141082001600150100002200166245008900188250001200277260005200289300006900341440005300410505044800463650003400911651001900945856008200964Nust20221122093223.0 a 2006035517 a0073126349 (alk. paper) a9780073126340 (alk. paper) a(OCoLC)74649075 a(OCoLC)ocm74649075 cNust00a621.381,TOK1 aTokheim, Roger L.10aDigital electronics : (Include CD) bprinciples & applications /cRoger L. Tokheim. a6th ed. aBoston :bMcGraw-Hill Higher Education,cc2008. axi, 534 p. :bill. (some col.) ;c29 cm +e1 CD-ROM (4 3/4 in.). 0aBasic skills in electricity & electronics series aAnalog Devices Digital Electronics (Page-1), Number We use in Digital Electronic (Page-25), Logic Gates (Page-39), Combining Logic Gates(Page-77), IC Specifications and Simple Interfacing (Page-125), Encoding , Decoding and Seven – Segment Displays (Page-177), Flip-Flops (Page-215), Counters (Page-237), Shift Registers (Page-279), Arithmetic Circuits (Page-303), Memories (Page-333), Digital Systems (Page-373), Connecting With (Page-459). 0aTelecommunication Engineering a(Include CD) 413Table of contents onlyuhttp://www.loc.gov/catdir/toc/ecip073/2006035517.html